Statistics for Ejderha Dave’in Ülke Şekilleri Koleksiyonu

Click here to take the quiz!

General Stats

  • This quiz has been taken 185 times
  • The average score is 12 of 29

Answers on the Map

Answers color-coded by a green-red scale on the quiz's map according to % correct below.
 

Answer Stats

Ülke% Correct
Şili
93%
İtalya
92%
Norveç
88%
Japonya
76%
Pakistan
63%
Madagaskar
61%
Arjantin
59%
İsveç
56%
Somali
56%
Hindistan
55%
Sudan
54%
Portekiz
52%
Vietnam
50%
Myanmar
42%
Fas
32%
Kamerun
32%
Tunus
32%
Mozambik
29%
Nepal
28%
Benin
23%
Togo
23%
Yeni Zelanda
21%
Çekya
19%
İzlanda
19%
Macaristan
17%
Panama
16%
Kuzey Makedonya
15%
Paraguay
12%
Küba
10%

Score Distribution

Percentile by Number Answered

Percent of People with Each Score

Your Score History

You have not taken this quiz